[Event "Mittelfrank Regionalliga Nord-West 2223"]
[Site "Mittelfranken"]
[Date "2022.10.23"]
[Round "2.6"]
[White "Bobrov, Andrey"]
[Black "Flach, Manuel"]
[Result "1-0"]
[WhiteElo "1962"]
[BlackElo "1853"]
[PlyCount "63"]
[EventDate "2022.10.09"]
[EventType "team-tourn"]
[EventRounds "9"]
[EventCountry "GER"]
[SourceTitle "EXT 2024"]
[Source "ChessBase"]
[SourceDate "2023.10.10"]
[SourceVersion "1"]
[SourceVersionDate "2023.10.10"]
[SourceQuality "1"]
[WhiteTeam "Rottendorf"]
[BlackTeam "Klingenberg"]
[WhiteTeamCountry "GER"]
[BlackTeamCountry "GER"]

1. e4 c5 2. f4 Nc6 3. c3 Nf6 4. Qc2 d6 5. Nf3 Bg4 6. Be2 Rc8 7. 0-0 g6 8. d3 Bg7 9. Be3 0-0 10. h3 Bd7 11. Kh2 e5 12. Nbd2 Re8 13. fxe5 dxe5 14. Bxc5 Bh6 15. Nc4 Be6 16. Be3 Bxe3 17. Nxe3 Nd4 18. Qd1 Nxe2 19. Qxe2 Rc6 20. c4 Kg7 21. Nd5 Nd7 22. g4 h6 23. Kg3 a5 24. Qd2 Nc5 25. b3 Bc8 26. Rad1 f6 27. Ne1 Rf8 28. Ng2 Ne6 29. Nge3 b6 30. Nc2 Bb7 31. Rf2 Qd6 32. Kg2 1-0

[Event "Mittelfrank Regionalliga Nord-West 2122"]
[Site "Mittelfranken"]
[Date "2022.05.29"]
[Round "9.5"]
[White "Ziegler, Johannes"]
[Black "Bobrov, Andrey"]
[Result "1/2-1/2"]
[WhiteElo "1878"]
[BlackElo "1969"]
[PlyCount "117"]
[EventDate "2021.10.24"]
[EventType "team-tourn"]
[EventRounds "9"]
[EventCountry "GER"]
[SourceTitle "EXT 2024"]
[Source "ChessBase"]
[SourceDate "2023.10.10"]
[SourceVersion "1"]
[SourceVersionDate "2023.10.10"]
[SourceQuality "1"]
[WhiteTeam "Wuerzburg II"]
[BlackTeam "Rottendorf"]
[WhiteTeamCountry "GER"]
[BlackTeamCountry "GER"]

1. e4 e5 2. Nf3 Nf6 3. Nxe5 d6 4. Nf3 Nxe4 5. d4 d5 6. Bd3 Be7 7. Nbd2 Nf6 8. 0-0 0-0 9. Re1 Re8 10. Nf1 h6 11. b3 Bd6 12. Ne5 Nbd7 13. Bb2 Nf8 14. a3 Be6 15. Ng3 N6h7 16. c4 c6 17. Qc2 f6 18. Ng6 Bf7 19. Nh4 Qd7 20. Nhf5 Bf4 21. Rad1 Rxe1+ 22. Rxe1 Re8 23. Rxe8 Qxe8 24. Ne2 Bb8 25. c5 Ng5 26. h4 Nge6 27. Bc1 h5 28. b4 Ng6 29. g3 Ne7 30. Ne3 Bg6 31. a4 Bxd3 32. Qxd3 Qg6 33. Qxg6 Nxg6 34. f4 Ne7 35. f5 Nd8 36. Kf2 Nf7 37. Kf3 Nh6 38. Nf4 Nhxf5 39. Nxf5 Nxf5 40. Nxh5 Nxd4+ 41. Kg4 Kf7 42. Be3 Ne6 43. Nf4 Bxf4 44. gxf4 g6 45. f5 gxf5+ 46. Kxf5 Ng7+ 47. Kg4 Kg6 48. Bd2 Nh5 49. Bc3 f5+ 50. Kf3 Kf7 51. Be5 Ke6 52. Bd4 Kd7 53. Be5 Ke7 54. Bc3 Ke6 55. Bd4 Ke7 56. Bc3 Kd7 57. Be5 Kc8 58. Ke3 Kd7 59. Kf3 1/2-1/2

[Event "Mittelfrank Regionalliga Nord-West 2122"]
[Site "Mittelfranken"]
[Date "2022.05.15"]
[Round "5.4"]
[White "Bobrov, Andrey"]
[Black "Lutz, Peter1111"]
[Result "1/2-1/2"]
[WhiteElo "1969"]
[BlackElo "1878"]
[PlyCount "54"]
[EventDate "2021.10.24"]
[EventType "team-tourn"]
[EventRounds "9"]
[EventCountry "GER"]
[SourceTitle "EXT 2024"]
[Source "ChessBase"]
[SourceDate "2023.10.10"]
[SourceVersion "1"]
[SourceVersionDate "2023.10.10"]
[SourceQuality "1"]
[WhiteTeam "Rottendorf"]
[BlackTeam "Aschaffenburg"]
[WhiteTeamCountry "GER"]
[BlackTeamCountry "GER"]

1. e4 e5 2. Nf3 Nf6 3. d4 Nxe4 4. Bd3 d5 5. dxe5 Nc5 6. 0-0 Bg4 7. h3 Bh5 8. Be2 Ne6 9. Nc3 c6 10. Nd4 Bxe2 11. Ncxe2 Nxd4 12. Nxd4 c5 13. Nf5 Qd7 14. Qf3 Nc6 15. Re1 g6 16. Ne3 0-0-0 17. Ng4 Nd4 18. Qd3 Ne6 19. c3 Kb8 20. Qf3 Bg7 21. Bh6 Bxh6 22. Nxh6 Rhf8 23. Rad1 d4 24. Ng4 h5 25. Nf6 Qc6 26. Qxc6 bxc6 27. cxd4 cxd4 1/2-1/2

[Event "Regionalliga Nord-West 1819"]
[Site "Bayern"]
[Date "2019.04.07"]
[Round "9.3"]
[White "Brunsch, Michael"]
[Black "Bobrov, Andrey"]
[Result "1-0"]
[WhiteElo "1913"]
[BlackElo "1999"]
[PlyCount "128"]
[EventDate "2018.10.21"]
[EventType "team-tourn"]
[EventRounds "9"]
[EventCountry "GER"]
[SourceTitle "EXT 2022"]
[Source "ChessBase"]
[SourceDate "2021.10.06"]
[SourceVersion "1"]
[SourceVersionDate "2021.10.06"]
[SourceQuality "1"]
[WhiteTeam "Hoechstadt/Aisch"]
[BlackTeam "Rottendorf"]
[WhiteTeamCountry "GER"]
[BlackTeamCountry "GER"]

1. c4 Nf6 2. Nc3 d6 3. g3 e5 4. Bg2 c6 5. d4 Qc7 6. e4 Be7 7. Nge2 0-0 8. 0-0 Nbd7 9. b3 Rd8 10. Bb2 Nf8 11. Qd2 a6 12. Rac1 Rb8 13. Rfd1 Bd7 14. h3 Rbc8 15. Qe3 Qb6 16. Na4 Qc7 17. c5 exd4 18. Nxd4 dxc5 19. Nxc5 Be6 20. Ncxe6 fxe6 21. Qe2 Qb6 22. Nf3 Rxd1+ 23. Rxd1 Rd8 24. Rxd8 Qxd8 25. Ne5 N6d7 26. Qd3 Bf6 27. Nc4 Bxb2 28. Nxb2 Qa5 29. Qb1 b5 30. Nd3 Qd2 31. b4 Qc3 32. Qb3 Qxb3 33. axb3 e5 34. f4 Ng6 35. Bf3 exf4 36. gxf4 Kf7 37. e5 Nb8 38. Kf2 Ne7 39. Ke3 Ke8 40. Be4 g6 41. Kd4 Nd7 42. Nc5 Nxc5 43. Kxc5 Kd7 44. Bf3 Kc7 45. e6 Kd8 46. Bxc6 Nf5 47. Kd5 Kc7 48. Kc5 Kd8 49. Be4 Ng7 50. Kd6 Ne8+ 51. Ke5 Ke7 52. h4 Ng7 53. f5 gxf5 54. Bxf5 h6 55. Bg4 Ne8 56. Bf3 Nd6 57. Bc6 Nc8 58. Bb7 Nd6 59. Bc6 Nc8 60. h5 Nd6 61. Bd7 Nb7 62. Bc8 Nd8 63. Kd5 Kf6 64. Kd6 Kg5 1-0

[Event "Regionalliga Nord-West 1819"]
[Site "Bayern"]
[Date "2018.12.16"]
[Round "4.3"]
[White "Reissner, Andreas"]
[Black "Bobrov, Andrey"]
[Result "1/2-1/2"]
[WhiteElo "1997"]
[BlackElo "1999"]
[PlyCount "131"]
[EventDate "2018.10.21"]
[EventType "team-tourn"]
[EventRounds "9"]
[EventCountry "GER"]
[SourceTitle "EXT 2022"]
[Source "ChessBase"]
[SourceDate "2021.10.06"]
[SourceVersion "1"]
[SourceVersionDate "2021.10.06"]
[SourceQuality "1"]
[WhiteTeam "Marktleuthen"]
[BlackTeam "Rottendorf"]
[WhiteTeamCountry "GER"]
[BlackTeamCountry "GER"]

1. e4 e5 2. Bc4 Nf6 3. d4 exd4 4. Nf3 Bb4+ 5. c3 dxc3 6. bxc3 Be7 7. e5 Ng4 8. h3 Nh6 9. Bxh6 gxh6 10. Nd4 d5 11. exd6 Qxd6 12. Qe2 a6 13. Nd2 0-0 14. Ne4 Qg6 15. Bd3 Nc6 16. 0-0 Nxd4 17. cxd4 Qg7 18. Ng3 Bd6 19. Nh5 Qxd4 20. Qc2 Kh8 21. Bxh7 Qe5 22. Ng3 Qc5 23. Qxc5 Bxc5 24. Be4 Rb8 25. Rac1 b6 26. Nf5 Re8 27. Bb1 Bxf5 28. Bxf5 Re2 29. a4 Rd8 30. Rce1 Ra2 31. Ra1 Rxa1 32. Rxa1 Rd2 33. Bc8 Rxf2 34. Kh1 a5 35. Bb7 Kg7 36. Rd1 Bd6 37. Kg1 Ra2 38. Bc6 Rc2 39. Bb5 Bc5+ 40. Kh2 Bd6+ 41. Kg1 Bg3 42. Kf1 Kf6 43. Rd3 Be5 44. Rf3+ Ke6 45. Be8 f6 46. Rd3 Ke7 47. Bd7 c6 48. Bf5 Rc1+ 49. Ke2 Bd6 50. Re3+ Be5 51. Rb3 Bd4 52. Kd3 Bc5 53. Rb2 Rd1+ 54. Rd2 Rxd2+ 55. Kxd2 Kd6 56. Bd3 Bd4 57. Kc2 Kc5 58. Kb3 b5 59. Be2 Bf2 60. Bf1 Be1 61. Be2 Bb4 62. Bf3 f5 63. Be2 bxa4+ 64. Kxa4 Kd4 65. Kb3 c5 66. Bb5 1/2-1/2

[Event "Regionalliga Nord-West 1718"]
[Site "Bayern"]
[Date "2018.04.15"]
[Round "9.6"]
[White "Roth, Jakob"]
[Black "Bobrov, Andrey"]
[Result "1-0"]
[WhiteElo "1961"]
[BlackElo "2003"]
[PlyCount "75"]
[EventDate "2017.10.22"]
[EventType "team-tourn"]
[EventRounds "9"]
[EventCountry "GER"]
[SourceTitle "EXT 2022"]
[Source "ChessBase"]
[SourceDate "2021.10.06"]
[SourceVersion "1"]
[SourceVersionDate "2021.10.06"]
[SourceQuality "1"]
[WhiteTeam "Stetten"]
[BlackTeam "Rottendorf"]
[WhiteTeamCountry "GER"]
[BlackTeamCountry "GER"]

1. d4 Nf6 2. c4 e6 3. Nc3 b6 4. Nf3 Bb7 5. e3 Be7 6. Bd3 0-0 7. e4 d6 8. 0-0 Nbd7 9. Re1 e5 10. Bc2 h6 11. b3 Re8 12. Bb2 Bf8 13. dxe5 dxe5 14. Nd5 Bd6 15. Qd2 Nf8 16. Rad1 Ng6 17. b4 Bf8 18. Qc3 c6 19. Nf4 Qe7 20. Nxg6 fxg6 21. Nxe5 Qxb4 22. Nxg6 Qxc3 23. Bxc3 Rad8 24. Rxd8 Rxd8 25. e5 Ne8 26. Bf5 Bc5 27. e6 Rd6 28. e7 Kf7 29. Nh8+ Kg8 30. Bg6 Rxg6 31. Nxg6 Kf7 32. Ne5+ Kg8 33. Rd1 Bd6 34. c5 bxc5 35. Nc4 Bc7 36. Na5 Bc8 37. Rd8 Bxa5 38. Bxa5 1-0

[Event "Regionalliga NW 1617"]
[Site "Bayern"]
[Date "2017.03.19"]
[Round "7.4"]
[White "Bobrov, Andrey"]
[Black "Stadtmueller, Michael"]
[Result "1-0"]
[WhiteElo "2035"]
[BlackElo "1889"]
[PlyCount "83"]
[EventDate "2016.10.16"]
[EventType "team-tourn"]
[EventRounds "9"]
[EventCountry "GER"]
[SourceTitle "EXT 2019"]
[Source "ChessBase"]
[SourceDate "2018.10.10"]
[SourceVersion "1"]
[SourceVersionDate "2018.10.10"]
[SourceQuality "1"]
[WhiteTeam "Rottendorf"]
[BlackTeam "Moembris"]
[WhiteTeamCountry "GER"]
[BlackTeamCountry "GER"]

1. e4 c5 2. c3 d6 3. d4 cxd4 4. cxd4 Bd7 5. Nf3 e6 6. Nc3 Be7 7. Qb3 Nc6 8. Bf4 Qa5 9. Bd2 Qb4 10. Qxb4 Nxb4 11. Rc1 Rc8 12. a3 Nc6 13. Bd3 Na5 14. Nb5 Rxc1+ 15. Bxc1 a6 16. Nc3 Bd8 17. b4 Nc6 18. 0-0 Nge7 19. b5 Nb8 20. Bf4 Nc8 21. Rb1 Ke7 22. bxa6 Nxa6 23. Rxb7 Nc7 24. a4 h6 25. h4 f6 26. e5 fxe5 27. dxe5 d5 28. Nd4 Ke8 29. h5 Ne7 30. a5 Nc6 31. Nxc6 Bxc6 32. Rb8 Rf8 33. Be3 Kd7 34. a6 Be7 35. a7 Na8 36. Bb5 Kc7 37. Bxc6 Kxc6 38. Nb5 Rd8 39. Bd2 Rf8 40. Ba5 Bc5 41. Nd6 Rxf2 42. Rc8+ 1-0

[Event "Regionalliga NW 1617"]
[Site "Bayern"]
[Date "2016.12.04"]
[Round "3.4"]
[White "Bobrov, Andrey"]
[Black "Becker, Alexander1111"]
[Result "1/2-1/2"]
[WhiteElo "2035"]
[BlackElo "1945"]
[PlyCount "32"]
[EventDate "2016.10.16"]
[EventType "team-tourn"]
[EventRounds "9"]
[EventCountry "GER"]
[SourceTitle "EXT 2019"]
[Source "ChessBase"]
[SourceDate "2018.10.10"]
[SourceVersion "1"]
[SourceVersionDate "2018.10.10"]
[SourceQuality "1"]
[WhiteTeam "Rottendorf"]
[BlackTeam "Kronach"]
[WhiteTeamCountry "GER"]
[BlackTeamCountry "GER"]

1. e4 c6 2. d4 d5 3. exd5 cxd5 4. c4 Nf6 5. Nc3 Nc6 6. c5 e5 7. dxe5 Ng4 8. Qxd5 Be6 9. Qxd8+ Rxd8 10. Bg5 Rd7 11. Bb5 Ngxe5 12. a3 Bxc5 13. Bf4 Nd3+ 14. Bxd3 Rxd3 15. Nge2 0-0 16. 0-0 Re8 1/2-1/2

[Event "Regionalliga NW 1617"]
[Site "Bayern"]
[Date "2016.10.16"]
[Round "1.4"]
[White "Weck, Hans"]
[Black "Bobrov, Andrey"]
[Result "1-0"]
[WhiteElo "1940"]
[BlackElo "2035"]
[PlyCount "143"]
[EventDate "2016.10.16"]
[EventType "team-tourn"]
[EventRounds "9"]
[EventCountry "GER"]
[SourceTitle "EXT 2019"]
[Source "ChessBase"]
[SourceDate "2018.10.10"]
[SourceVersion "1"]
[SourceVersionDate "2018.10.10"]
[SourceQuality "1"]
[WhiteTeam "Bad Neustadt"]
[BlackTeam "Rottendorf"]
[WhiteTeamCountry "GER"]
[BlackTeamCountry "GER"]

1. Nf3 Nf6 2. g3 g6 3. Bg2 Bg7 4. 0-0 0-0 5. d3 d5 6. Nbd2 c6 7. e4 dxe4 8. Nxe4 Nbd7 9. Re1 Nxe4 10. dxe4 Nf6 11. Qe2 Bg4 12. h3 Bxf3 13. Bxf3 e5 14. Bg5 Qc7 15. b3 Rad8 16. a4 a5 17. Rad1 h6 18. Bd2 Rd7 19. Bc3 Rfd8 20. Rxd7 Rxd7 21. Rd1 Rxd1+ 22. Qxd1 b6 23. Qd3 Bf8 24. Bd2 Qd7 25. Qxd7 Nxd7 26. Be2 Kg7 27. Kg2 h5 28. Bc3 f6 29. f4 exf4 30. gxf4 Kh6 31. Kf3 Bd6 32. Ba6 Kg7 33. Bb7 Nb8 34. Bc8 Kf7 35. e5 fxe5 36. Bxe5 Bxe5 37. fxe5 Ke7 38. Ke4 Nd7 39. Kf4 Nf8 40. Kg5 b5 41. h4 Kf7 42. Kh6 b4 43. Bb7 Nd7 44. e6+ Kxe6 45. Bc8 Ke7 46. Bxd7 Kxd7 47. Kxg6 Ke6 48. Kxh5 Kd5 49. Kg5 Kd4 50. h5 Kc3 51. h6 Kxc2 52. h7 Kxb3 53. h8Q Ka2 54. Qe5 b3 55. Qxa5 b2 56. Qd2 Ka1 57. Qc3 Ka2 58. Qc2 Ka1 59. a5 b1Q 60. Qxb1+ Kxb1 61. a6 c5 62. a7 c4 63. a8Q c3 64. Qb7+ Kc1 65. Kf4 Kd2 66. Qb4 Kd3 67. Qd6+ Ke2 68. Qe5+ Kd2 69. Qd4+ Kc2 70. Ke3 Kb3 71. Kd3 c2 72. Qb6+ 1-0

[Event "Landesliga Nord 1516"]
[Site "Bayern"]
[Date "2015.10.11"]
[Round "1.5"]
[White "Bobrov, Andrey"]
[Black "Stiller, Juergen"]
[Result "0-1"]
[WhiteElo "2035"]
[BlackElo "2180"]
[PlyCount "94"]
[EventDate "2015.10.11"]
[EventType "team-tourn"]
[EventRounds "9"]
[EventCountry "GER"]
[SourceTitle "EXT 2018"]
[Source "ChessBase"]
[SourceDate "2017.10.13"]
[SourceVersion "1"]
[SourceVersionDate "2017.10.13"]
[SourceQuality "1"]
[WhiteTeam "Rottendorf"]
[BlackTeam "Nuernberg Sued SW"]
[WhiteTeamCountry "GER"]
[BlackTeamCountry "GER"]

1. e4 c6 2. d4 d5 3. exd5 cxd5 4. c4 Nf6 5. Nc3 g6 6. Nf3 Bg7 7. c5 Nc6 8. a3 Bg4 9. Be2 0-0 10. 0-0 Ne4 11. Be3 e6 12. Rc1 f5 13. g3 Qf6 14. Ne5 Nxc3 15. Rxc3 Bxe2 16. Qxe2 Nxe5 17. dxe5 Qxe5 18. Rc2 d4 19. Bf4 Qd5 20. Qc4 Qxc4 21. Rxc4 e5 22. Bg5 Rf7 23. c6 bxc6 24. Rxc6 Rd7 25. h4 Rb8 26. b4 Kf7 27. Rfc1 h6 28. Rc7 Rb7 29. Rxb7 Rxb7 30. Bd2 h5 31. Rc6 e4 32. Kf1 Be5 33. Rc5 Bf6 34. Rc6 Rd7 35. a4 Be5 36. Ke2 Rc7 37. Ra6 d3+ 38. Ke1 Bd4 39. b5 Rc2 40. Rd6 Bc5 41. Rd7+ Ke6 42. Rg7 Ra2 43. Be3 Ra1+ 44. Bc1 Rxc1+ 45. Kd2 Rc2+ 46. Kd1 Bxf2 47. Rxg6+ Ke5 0-1